000 00470nam a2200145Ia 4500
008 230917s9999||||xx |||||||||||||| ||und||
040 _e165359
_aMAIN
041 _aEnglish
082 _a891.4317109 MB896:RR
100 _aरावत, रमेश
245 0 _aमुक्तिबोध की आलोचना-प्रक्रिया
260 _aजयपुर
_bपंचशील प्रकाशन
_c1997
300 _a175पृ. p.
942 _cHN
999 _c107242
_d107242